00000000nam##2200000za#4500
0019.663515
003CaOODSP
00520200401051104
007ta
008150407|2002||||xxc|||||     f|0| 0 eng|d
020 |a0-662-66355-1
040 |aCaOODSP|beng
041 |aeng
041 |afre
043 |an-cn---
0861 |aSW21-91/2002
1101 |aCanada. |bStatus of Women Canada.
24510|aOn her own: young women and homelessness in Canada
260 |aOttawa - Ontario : |bStatus of Women Canada |c2002.
300 |aEnglish text, ix, 138p. : |c27 cm.
500 |anull
504 |aBibliography.
546 |aBilingual
563 |aSoftcover
590 |a02-16|b2002-04-19
69007|aSocial policy|2gcpds
69007|aHomelessness|2gcpds
69007|aYoung adults|2gcpds
69007|aWomen|2gcpds
69007|aResearch|2gcpds
69007|aHousing|2gcpds
7760#|tOù se tourner? : |w(CaOODSP)9.630760
792 |tOù se tourner?: la situation des jeunes femmes sans abri au Canada |efre|w(CaOODSP)9.663516